Blancanieves y los siete alienígenas / (Registro nro. 12187)

Detalles MARC
000 -LIDER
fixed length control field 00990nam a22002897a 4500
003 - IDENTIFICACDOR DE NÚMERO DE CONTROL
control field DO-SdBNP
005 - DATE AND TIME OF LATEST TRANSACTION
control field 20240904131711.0
008 - ELEMENTOS DE LONGITUD FIJA
fixed length control field 161129b 1999 sp a 00| 0 spa d
020 ## - ISBN
International Standard Book Number 9788437223476
040 ## - FUENTE DE CATALOGACIÓN
Agencia que crea de manera original el registro BPMSU
Idioma de catalogación spa
Agencia que realiza la transcripción BPMSU
082 #4 - NÚMERO DE CLASIFICACIÓN DECIMAL DE DEWEY
Classification number 823.8
Item number A596b 1999
Edition number 22
100 1# - ASIENTO PRINCIPAL -- NOMBRE PERSONAL
Nombre personal Anholt, Laurence
Fechas asociadas con el nombre 1959-
245 1# - MENCIÓN DE TITULO
Título Blancanieves y los siete alienígenas /
Mención de responsabilidad Laurence Anholt ; ilustraciones Arthur Robins ; traducción Carlo Frabetti
246 14 - VARIACION DEL TÍTULO
Institución que aplica el campo Blancanieves y los 7 alienígenas
260 ## - PUBLICACIÓN, DISTRIBUCIÓN, ETC. (PIE DE IMPRENTA)
Lugar de publicación, distribución, etc Madrid :
Nombre del editor, distribuidor, etc. Altea,
Fecha de publicación, distribución, etc 1999.
300 ## - DESCRIPCIÓN FÍSICA
Extensión 61 p. :
Otros detalles físicos il., ;
Dimensiones 20 cm.
490 0# - MENCIÓN DE SERIES
Mención de serie Historias de siempre contadas como nunca
490 1# - MENCIÓN DE SERIES
Mención de serie Historias increibles
590 ## - NOTA LOCAL
Texto de la nota local Inventariado, 2024/VM
650 #4 - ENCABEZAMIENTO DE MATERIA--TEMÁTICO
Término temático o nombre geográfico como elemento de entrada Cuentos infantiles ingleses
650 #4 - ENCABEZAMIENTO DE MATERIA--TEMÁTICO
Término temático o nombre geográfico como elemento de entrada Cantantes de rock
Subdivisión de forma Cuentos infantiles
700 1# - ASIENTO SECUNDARIO -- NOMBRE PERSONAL
Nombre personal Robins, Arthur,
Mención de responsabilidad il.
Término de relación
700 1# - ASIENTO SECUNDARIO -- NOMBRE PERSONAL
Nombre personal Frabetti, Carlo,
Fechas asociadas con el nombre 1945-
Mención de responsabilidad traductor
830 #0 - ASIENTO SECUNDARIO DE SERIE--TÍTULO UNIFORME
Título uniforme Historias increibles
910 ## - VALIDACIÓN
Validación VMateo V. Control de calidad. BPMSU
942 ## - ADDED ENTRY ELEMENTS (KOHA)
Source of classification or shelving scheme Dewey Decimal Classification
Koha item type Libros
Existencias
Withdrawn status Lost status Source of classification or shelving scheme Damaged status Not for loan Collection code Home library Current library Date acquired Source of acquisition Total Checkouts Full call number Barcode Date last seen Price effective from Koha item type
    Dewey Decimal Classification     Colección Infantil General Biblioteca Pública Metropolitana Salomé Ureña Biblioteca Pública Metropolitana Salomé Ureña 11/30/2016 ALFAGUARA   BPMSU CGI 823.8 A596b 1999 BPMSU16111687 11/30/2016 11/30/2016 Libros